000 02788nam a2200529 i 4500
001 193002
003 SpMaBN
005 20240714063100.0
007 ta
008 230721s2019 sp | |||| 000 p spa
017 _aM 33274-2019
_bOficina Depósito Legal Madrid
020 _a9788417857073
035 _aa7140597
040 _aSpMaBN
_bspa
_cSpMaBN
_erda
_dES-MaACL
080 _a821.134.2-14"19"
100 1 _aCaro Bernal, María Victoria,
_d1960-
_eaut
_9159438
240 1 0 _aTierra amada
245 1 0 _6880-01
_aTierra amada :
_bespíritu de perfección : poemario trilingüe, castellano, árabe e inglés = Arḍ ḥabībaẗ : rūḥ al-kamāl : maǧmūʻaẗ šiʻriyyaẗ ṯulāṯiyyaẗ, bi-al-isbāniyaẗ wa-al-ʻarabī wa-l-inǧlīzīyaẗ = Beloved land : spirit of perfection : trilingual book of poems, Spanish, Arabic and English
_cMaría Victoria Caro Bernal ; traductores, Saiid Alami, Ahmad Yamani y Anthony Michael Wilson
246 3 1 _6880-02
_aArḍ ḥabībaẗ
246 3 1 _aBeloved land
250 _aPrimera edición: octubre 2019
264 1 _a[Madrid] :
_bVoces Amigas,
_c[2019]
300 _a227 páginas ;
_c23 cm
336 _aTexto
_2rdacontent
337 _asin mediación
_2rdamedia
338 _avolumen
_2rdacarrier
490 1 _aColección de poesía y relato
500 _aCatalogación provisional. Signatura: N 8724. Depósito J.
546 _aTexto en español y traducción en árabe e inglés
655 7 _aPoesías
_2tgfbne
_9176539
700 1 2 _aCaro Bernal, María Victoria,
_d1960-
_9159438
700 1 2 _aCaro Bernal, María Victoria,
_d1960-
_9159438
700 _aʻAlamī, Saʻīd
_9233776
_etrl
700 1 _aYamani, Ahmad,
_d1970-
_9144799
_etrl
700 _aWilson, Anthony Michael
_9233779
_etrl
830 _aColección de poesía y relato
_9233780
852 _aES-MaACL
_bR. 153476
_cDEPOJ
_jN 8724
_hDonación: María Victoria Caro Bernal
_xRústica
_zEn proceso
_9200308
880 1 0 _aTierra amada :
_bespíritu de perfección : poemario trilingüe, castellano, árabe e inglés = أرضٌ حَبيبة : روحُ الكَمال : مجموعة شعرية ثلاثية، بالإسبانية والعربية والإنجليزية = Beloved land : spirit of perfection : trilingual book of poems, Spanish, Arabic and English
_cMaría Victoria Caro Bernal ; traductores, Saiid Alami, Ahmad Yamani y Anthony Michael Wilson
880 3 1 _6246-02/(3/r
_aارض حبيبة
903 _aCaro Bernal, María Victoria,
_d1960-
_ednr
_9159438
942 _n0
_cMONOGRAFIA
999 _c193002
_d193002